Informacija i informacionnyj servis

Guardado en:
Detalles Bibliográficos
Autor principal: Bljumenau, Dmitrij Iosifovič
Formato: Libro
Lenguaje:ruso
Publicado: Leningrad Nauka 1989
Edición:1. izd.
Etiquetas: Agregar Etiqueta
Sin Etiquetas, Sea el primero en etiquetar este registro!

MARC

LEADER 00000nam a2200000 4500
001 c027367
005 20221215133755.6
041 0 |a rus 
044 |a RU 
245 1 0 |a Informacija i informacionnyj servis  |c Dmitrij Iosifovič Bljumenau 
250 |a 1. izd. 
264 1 |a Leningrad  |b Nauka  |c 1989 
300 |a 188 s. 
100 1 |a Bljumenau, Dmitrij Iosifovič